000 00525nam a2200193Ia 4500
005 20250326125809.0
008 250326s9999 xx 000 0 und d
037 _aTextbook
040 _aFMSL
_beng
_cFMSL
041 _aeng
_2eng
084 _aB2893P N4
_qFMSL
100 _aStocktom R S
_9739712
245 0 _aIntroduction to linear programming
_cStocktom R S
250 _a2
260 _aBoston
_bBoston, Allyn & Bacon
_c1964
300 _a112p
942 _cTB
_hB2893P N4
999 _c1279618
_d1279618